Akin el león : (Record no. 23217)
[ view plain ]
| 000 -CABECERA | |
|---|---|
| fixed length control field | 00666nam a22002057i 4500 |
| 003 - IDENTIFICADOR DEL NÚMERO DE CONTROL | |
| control field | AR-CdUCM |
| 008 - DATOS DE LONGITUD FIJA--INFORMACIÓN GENERAL | |
| fixed length control field | 250220b20232023ii ||||| |||| 00| 0 ii d |
| 020 ## - NÚMERO INTERNACIONAL ESTÁNDAR DEL LIBRO | |
| ISBN | 978-9974-744-67-7 |
| 040 ## - FUENTE DE LA CATALOGACIÓN | |
| Agencia/entidad que catalogó originalmente la obra | MUNICIPALIDAD PROVINCIAL DEL CUSCO |
| Entidad que transcribió la catalogación | BIBLIOTECA MUNICIPAL DEL CUSCO |
| 082 ## - NÚMERO DE LA CLASIFICACIÓN DECIMAL DEWEY | |
| No. de Clasificación | PI / 303 / B85 |
| Notacion interna | B85 |
| 110 ## - ENTRADA PRINCIPAL--NOMBRE DE ENTIDAD CORPORATIVA | |
| Nombre de la institución, jurisdicción como entrada principal | Brijbasi Art Press Limeted |
| 9 (RLIN) | 51033 |
| 245 ## - MENCIÓN DE TÍTULO | |
| Título | Akin el león : |
| Resto del título | Historias de Animales / |
| 260 ## - PUBLICACIÓN, DISTRIBUCIÓN, ETC. | |
| Lugar de publicación, distribución, etc. | India : |
| Nombre de la editorial, distribuidor, etc. | Latinbooks International S.A. |
| Fecha de publicación, distribución, etc. | 2023 |
| 300 ## - DESCRIPCIÓN FÍSICA | |
| Nº de Páginas Extensión | 12 páginas. : |
| Dimensiones | 29x20 cm. |
| 505 ## - NOTA DE CONTENIDO CON FORMATO | |
| Nota de contenido formateada | Akin el león -- Historias de animales |
| 856 ## - LOCALIZACIÓN Y ACCESO ELECTRÓNICOS | |
| Dirección electrónica | www.latinbooksint.com |
| 942 ## - ELEMENTOS DE PUNTO DE ACCESO ADICIONAL (KOHA) | |
| Fuente de clasificación | |
| Tipo de item | Libros-BMC |
| 945 ## - PROCESAMIENTO DE INFORMACIÓN LOCAL (OCLC) | |
| Catalogador | pbjr |
| AAAA-MM-DD - Fecha de ingreso o modificacion | 20-02-2025 |
No items available.